Statistiques concernant Les grands espaces verts de Paris en images

Cliquez ici pour prendre le quiz!

Statistiques générales

  • Ce quiz a été pris 66 fois
  • Le résultat moyen est 10 sur 16

Statistiques - réponses

Réponse% Correct
Bois de Boulogne
91%
Bois de Vincennes
91%
Jardin du Luxembourg
88%
Parc du Champ-de-Mars
83%
Esplannade des Invalides
78%
Jardin des Tuileries
78%
Parc des Buttes-Chaumont
78%
Parc de la Villette
71%
Parc Monceau
53%
Parc Montsouris
53%
Jardin des Plantes
47%
Jardin Nelson-Mandela
45%
Jardin du Palais Royal
38%
Parc de Belleville
38%
Parc de Bercy
28%
Parc Georges Brassens
16%

Distribution des résultats

Percentile par nombre de réponses

% des personnes avec chaque résultat

Votre développement - résultats

Vous n’avez pas pris ce quiz